[Event "Kvika Reykjavik Open 2022"]
[Site "Reykjavik, Iceland"]
[Date "2022.04.08"]
[Round "4.2"]
[White "Yoo, Christopher Woojin"]
[Black "Idani, Pouya"]
[Result "0-1"]
[WhiteElo "2532"]
[BlackElo "2638"]
[PlyCount "132"]
[EventDate "2022.??.??"]

1. e4 {[%eval 33,0]} c5 {[%eval 32,0]} 2. Nc3 {[%eval 24,0]} d6 {[%eval 36,0]}
3. Bb5+ {[%eval 12,0]} Bd7 {[%eval 14,0]} 4. Bxd7+ {[%eval 5,0]} Qxd7 {[%eval
0,0]} 5. d4 {[%eval 0,0]} cxd4 {[%eval 3,0]} 6. Qxd4 {[%eval 4,0]} Nc6 $6 {
[%eval 32,0] Inaccuracy. e6 was best.} (6... e6 7. Qd3 a6 8. Bf4 b5 9. Nf3 Nf6
10. O-O Nc6 11. Rad1) 7. Qd3 {[%eval 15,0]} g6 {[%eval 12,0]} 8. Nf3 {[%eval
15,0]} Bg7 {[%eval 37,0]} 9. O-O {[%eval 33,0]} Nf6 {[%eval 25,0]} 10. Nd5 {
[%eval 2,0]} O-O {[%eval 26,0]} 11. Bg5 {[%eval 19,0]} Ne8 {[%eval 8,0]} 12.
Rad1 {[%eval 11,0]} e6 {[%eval 1,0]} 13. Ne3 {[%eval 26,0]} h6 {[%eval 3,0]}
14. Bh4 {[%eval 9,0]} f5 {[%eval 8,0]} 15. exf5 {[%eval 2,0]} gxf5 {[%eval 3,0]
} 16. Nc4 {[%eval 39,0]} Qf7 {[%eval 2,0]} 17. Nxd6 {[%eval 5,0]} Nxd6 {
[%eval 1,0]} 18. Qxd6 {[%eval 14,0]} e5 {[%eval 0,0]} 19. b4 {[%eval 14,0]}
Rae8 {[%eval 29,0]} 20. b5 {[%eval 8,0]} Na5 {[%eval 0,0]} 21. Qd5 {[%eval 26,
0]} Nc4 {[%eval 37,0]} 22. Qxf7+ {[%eval 24,0]} Rxf7 {[%eval 27,0]} 23. Rfe1 {
[%eval 74,0]} Rc8 {[%eval 58,0]} 24. h3 {[%eval 67,0]} e4 {[%eval 6,0]} 25. Nd4
{[%eval 62,0]} Nb2 {[%eval 64,0]} 26. Rd2 {[%eval 62,0]} Bxd4 {[%eval 47,0]}
27. Rxd4 {[%eval 52,0]} Rxc2 {[%eval 47,0]} (27... Rcc7 28. c3 Rxc3 29. f3 Rc2)
28. f3 $2 {[%eval -38,0] Mistake. Rb1 was best.} (28. Rb1) 28... Nd3 {[%eval
-61,0]} 29. Rf1 {[%eval -94,0]} Rg7 {[%eval -48,0]} 30. g3 {[%eval -23,0]} Nf4
{[%eval -17,0]} 31. Rd8+ {[%eval -195,0]} Kh7 {[%eval -16,0]} 32. Kh1 {[%eval
-5,0]} Nxh3 {[%eval -32,0]} 33. Bf6 $4 {[%eval -218,0] Blunder. fxe4 was best.}
(33. fxe4 fxe4) 33... Rxg3 {[%eval -263,0]} 34. Rh8+ {[%eval -263,0]} Kg6 {
[%eval -243,0]} 35. Rg8+ {[%eval -216,0]} Kxf6 {[%eval -245,0]} 36. Rxg3 {
[%eval -275,0]} Nf2+ {[%eval -271,0]} 37. Kg1 {[%eval -236,0]} f4 {[%eval -292,
0]} 38. Rg2 {[%eval -231,0]} e3 {[%eval -272,0]} 39. b6 $6 {[%eval -388,0]
Inaccuracy. Rd1 was best.} (39. Rd1 Rxa2) 39... axb6 {[%eval -253,0]} 40. Rb1 {
[%eval -131,0]} Rxa2 $2 {[%eval -68,0] Mistake. Ke5 was best.} (40... Ke5) 41.
Rh2 $4 {[%eval -237,0] Blunder. Rxb6+ was best.} (41. Rxb6+) 41... Ke5 {
[%eval -259,0]} 42. Kf1 $2 {[%eval -597,0] Mistake. Rb4 was best.} (42. Rb4
Ra1+) 42... Kd4 {[%eval -412,0]} 43. Rb4+ {[%eval -406,0]} Kc3 {[%eval -583,0]}
44. Rb1 {[%eval -663,0]} b5 {[%eval -531,0]} 45. Rxb5 {[%eval -594,0]} Ra1+ {
[%eval -441,0]} 46. Kg2 {[%eval -306,0]} Nd3 {[%eval -589,0]} 47. Kh3 {[%eval
-431,0]} Nf2+ {[%eval -475,0]} 48. Kg2 {[%eval -503,0]} e2 {[%eval -600,0]} 49.
Re5 {[%eval -561,0]} e1=Q {[%eval -506,0]} 50. Rxe1 {[%eval -411,0]} Rxe1 {
[%eval -515,0]} 51. Kxf2 {[%eval -689,0]} Re6 {[%eval -574,0]} 52. Rh5 {
[%eval -445,0]} Rf6 {[%eval -476,0]} 53. Rb5 {[%eval -498,0]} b6 {[%eval -500,
0]} 54. Ke2 $6 {[%eval -516,0] Inaccuracy. Rb1 was best.} (54. Rb1 h5) 54...
Rd6 {[%eval -566,0]} 55. Rf5 {[%eval -543,0]} Rd2+ {[%eval -542,0]} 56. Ke1 {
[%eval -518,0]} Rd4 {[%eval -534,0]} 57. Rb5 {[%eval -547,0]} Rb4 {[%eval -514,
0]} 58. Rd5 {[%eval -542,0]} b5 {[%eval -511,0]} 59. Ke2 {[%eval -699,0]} Rb2+
{[%eval -692,0]} 60. Kd1 {[%eval -641,0]} Rb1+ {[%eval -686,0]} 61. Ke2 {
[%eval -694,0]} b4 {[%eval -699,0]} 62. Rd3+ {[%eval -685,0]} Kc4 {[%eval -683,
0]} 63. Rd6 {[%eval -507,0]} b3 {[%eval -583,0]} 64. Kd2 {[%eval -691,0]} Rh1 {
[%eval -773,0]} 65. Rc6+ {[%eval -933,0]} Kd5 {[%eval -1074,0]} 66. Rb6 {
[%eval -7283,0]} b2 {[%eval -7199,0]} 0-1

[Event "Kvika Reykjavik Open 2022"]
[Site "Reykjavik, Iceland"]
[Date "2022.04.08"]
[Round "4.3"]
[White "Gukesh, D.."]
[Black "Maze, Sebastien"]
[Result "1-0"]
[WhiteElo "2637"]
[BlackElo "2524"]
[PlyCount "91"]
[EventDate "2022.??.??"]

1. d4 {[%eval 3,0]} Nf6 {[%eval 23,0]} 2. c4 {[%eval 2,0]} e6 {[%eval 23,0]} 3.
Nf3 {[%eval 0,0]} d5 {[%eval 17,0]} 4. Nc3 {[%eval 0,0]} Bb4 {[%eval 15,0]} 5.
Qa4+ {[%eval 18,0]} Nc6 {[%eval 19,0]} 6. a3 {[%eval 0,0]} Bxc3+ {[%eval 32,0]}
7. bxc3 {[%eval 36,0]} Ne4 {[%eval 11,0]} 8. Bf4 {[%eval 6,0]} O-O {[%eval 32,
0]} 9. h4 {[%eval 1,0]} h6 {[%eval 9,0]} 10. e3 {[%eval 16,0]} Bd7 {[%eval 62,
0]} 11. Qc2 {[%eval 57,0]} Na5 {[%eval 53,0]} 12. Bd3 {[%eval 29,0]} c5 {
[%eval 26,0]} 13. Ne5 {[%eval 1,0]} Rc8 {[%eval 25,0]} 14. Rd1 {[%eval 8,0]}
Be8 {[%eval 9,0]} 15. cxd5 {[%eval 5,0]} exd5 {[%eval 15,0]} 16. Bxe4 {[%eval
8,0]} dxe4 {[%eval 3,0]} 17. dxc5 {[%eval 0,0]} Qe7 {[%eval 3,0]} 18. Qxe4 {
[%eval 4,0]} Rxc5 {[%eval 14,0]} 19. Qd4 {[%eval 17,0]} b6 {[%eval 6,0]} 20.
Nd3 {[%eval 8,0]} Rc4 {[%eval 0,0]} 21. Bd6 {[%eval 2,0]} Qb7 {[%eval 17,0]}
22. Qe5 {[%eval 33,0]} f6 {[%eval 26,0]} 23. Qg3 {[%eval 26,0]} Rf7 {[%eval 24,
0]} 24. O-O {[%eval 37,0]} Rc8 {[%eval 0,0]} 25. Nf4 {[%eval 0,0]} Nc4 {
[%eval 0,0]} 26. Rd4 {[%eval 0,0]} Rd7 {[%eval 0,0]} 27. Rfd1 {[%eval 0,0]}
Rxd6 $2 {[%eval 123,0] Mistake. Nb2 was best.} (27... Nb2 28. Rb1 Nc4 29. Rbd1)
28. Rxd6 {[%eval 116,0]} Nxd6 {[%eval 125,0]} 29. Rxd6 {[%eval 103,0]} Rc6 {
[%eval 181,0]} 30. Qf3 {[%eval 207,0]} Rc7 {[%eval 167,0]} 31. Qg4 {[%eval 171,
0]} Qc8 {[%eval 169,0]} 32. Qg3 {[%eval 188,0]} Kh7 {[%eval 188,0]} 33. Nd5 {
[%eval 192,0]} Rf7 $6 {[%eval 276,0] Inaccuracy. Rd7 was best.} (33... Rd7) 34.
e4 {[%eval 243,0]} Bc6 $2 {[%eval 472,0] Mistake. Rd7 was best.} (34... Rd7 35.
Rxd7 Qxd7 36. Qc7 Qxc7 37. Nxc7 Bd7 38. Nd5 Kg6 39. f3 f5 40. Kf2 fxe4 41. fxe4
) 35. h5 $2 {[%eval 285,0] Mistake. Qd3 was best.} (35. Qd3 Bxd5) 35... Bxd5 {
[%eval 244,0]} 36. Rxd5 $2 {[%eval 117,0] Mistake. Qg6+ was best.} (36. Qg6+
Kh8) 36... Kg8 $6 {[%eval 179,0] Inaccuracy. Rf8 was best.} (36... Rf8 37. Qd3
Kh8 38. g3 Re8 39. Kg2 Qc6 40. c4 Rc8 41. Rd8+ Rxd8 42. Qxd8+ Kh7 43. Qd3) 37.
Qd3 {[%eval 173,0]} Qe6 $6 {[%eval 234,0] Inaccuracy. Rf8 was best.} (37... Rf8
) 38. c4 {[%eval 179,0]} Re7 {[%eval 168,0]} 39. f3 {[%eval 186,0]} Re8 {
[%eval 173,0]} 40. Rd7 {[%eval 179,0]} Qe5 {[%eval 166,0]} 41. Qd5+ {[%eval
107,0]} Kh7 {[%eval 168,0]} 42. Qf7 {[%eval 154,0]} Rg8 {[%eval 158,0]} 43.
Rxa7 {[%eval 169,0]} Qg5 {[%eval 147,0]} 44. Qd5 {[%eval 179,0]} Qe3+ $2 {
[%eval 325,0] Mistake. Qh4 was best.} (44... Qh4 45. Qe6) 45. Kh2 {[%eval 311,
0]} Qe1 {[%eval 303,0]} 46. Kh3 {[%eval 301,0]} 1-0

[Event "Kvika Reykjavik Open 2022"]
[Site "Reykjavik, Iceland"]
[Date "2022.04.08"]
[Round "4.4"]
[White "Adhiban, B..."]
[Black "Peng, Li Min"]
[Result "1/2-1/2"]
[WhiteElo "2633"]
[BlackElo "2517"]
[PlyCount "67"]
[EventDate "2022.??.??"]

1. c4 {[%eval 23,0]} e6 {[%eval 3,0]} 2. Nc3 {[%eval 5,0]} d5 {[%eval 12,0]} 3.
d4 {[%eval 39,0]} a6 {[%eval 41,0]} 4. cxd5 {[%eval 5,0]} exd5 {[%eval 35,0]}
5. Nf3 {[%eval 41,0]} h6 {[%eval 41,0]} 6. Bf4 {[%eval 65,0]} Nf6 {[%eval 55,0]
} 7. e3 {[%eval 64,0]} Bd6 {[%eval 52,0]} 8. Bxd6 {[%eval 61,0]} Qxd6 {[%eval
51,0]} 9. Bd3 {[%eval 25,0]} O-O {[%eval 71,0]} 10. h3 {[%eval 62,0]} Nc6 {
[%eval 7,0]} 11. Rc1 {[%eval 65,0]} Ne7 {[%eval 75,0]} 12. Qc2 {[%eval 59,0]}
g6 {[%eval 77,0]} 13. Ne2 {[%eval 5,0]} c6 {[%eval 32,0]} 14. Ng3 {[%eval 31,0]
} b6 $6 {[%eval 89,0] Inaccuracy. Qb4+ was best.} (14... Qb4+) 15. O-O {
[%eval 108,0]} Bb7 {[%eval 128,0]} 16. e4 $6 {[%eval 74,0] Inaccuracy. Rfe1
was best.} (16. Rfe1 a5 17. a3 Rfe8 18. h4 h5 19. Ng5 Bc8 20. Qc3 Rd8 21. e4
dxe4 22. N3xe4 Nxe4) 16... dxe4 {[%eval 95,0]} 17. Nxe4 {[%eval 8,0]} Nxe4 {
[%eval 9,0]} 18. Bxe4 {[%eval 94,0]} a5 {[%eval 121,0]} 19. Rfd1 {[%eval 104,0]
} Nd5 {[%eval 125,0]} 20. Ne5 {[%eval 103,0]} Kg7 {[%eval 148,0]} 21. a3 $6 {
[%eval 94,0] Inaccuracy. Bxd5 was best.} (21. Bxd5 cxd5 22. Qc7 Qxc7 23. Rxc7
Bc8 24. Rd3 a4 25. a3 Bf5 26. Rdc3 Rac8 27. R7c6 Rxc6) 21... Rac8 {[%eval 81,0]
} 22. Qb3 {[%eval 94,0]} Rfe8 {[%eval 81,0]} 23. Nc4 {[%eval 65,0]} Qf6 {
[%eval 57,0]} 24. Bf3 {[%eval 63,0]} Ba6 {[%eval 82,0]} 25. Ne5 {[%eval 58,0]}
Red8 {[%eval 64,0]} 26. Rc2 {[%eval 71,0]} Qd6 {[%eval 4,0]} 27. Rcc1 {[%eval
36,0]} h5 {[%eval 4,0]} 28. Rd2 {[%eval 5,0]} f6 {[%eval 31,0]} 29. Nc4 {
[%eval 22,0]} Bxc4 {[%eval 28,0]} 30. Qxc4 {[%eval 34,0]} b5 {[%eval 32,0]} 31.
Qc5 {[%eval 43,0]} a4 {[%eval 3,0]} 32. Rdc2 {[%eval 11,0]} Ne7 {[%eval 23,0]}
33. Rd1 {[%eval 14,0]} Nf5 {[%eval 31,0]} 34. Rcd2 {[%eval 27,0]} 1/2-1/2

[Event "Kvika Reykjavik Open 2022"]
[Site "Reykjavik, Iceland"]
[Date "2022.04.08"]
[Round "4.5"]
[White "Stefansson, Vignir Vatnar"]
[Black "Sadhwani, Raunak"]
[Result "1/2-1/2"]
[WhiteElo "2501"]
[BlackElo "2628"]
[PlyCount "109"]
[EventDate "2022.??.??"]

1. e4 {[%eval 33,0]} c5 {[%eval 32,0]} 2. Nf3 {[%eval 0,0]} Nc6 {[%eval 0,0]}
3. Bb5 {[%eval 51,0]} e6 {[%eval 47,0]} 4. Bxc6 {[%eval 0,0]} bxc6 {[%eval 4,0]
} 5. e5 {[%eval 0,0]} f6 {[%eval 16,0]} 6. O-O {[%eval 0,0]} fxe5 {[%eval 0,0]}
7. Nxe5 {[%eval 25,0]} Nf6 {[%eval 35,0]} 8. Re1 $2 {[%eval 74,0] Mistake. d3
was best.} (8. d3 d6 9. Nc4 Be7 10. f4 O-O 11. Nbd2 Nd5 12. Ne4 Nb6) 8... Be7 {
[%eval 29,0]} 9. b3 $6 {[%eval 8,0] Inaccuracy. d3 was best.} (9. d3 Qc7 10.
Ng4 O-O 11. Nxf6+ Bxf6 12. Nd2 Rb8 13. Ne4 Bxb2 14. Bxb2 Rxb2 15. Nxc5 Qa5)
9... Qc7 {[%eval -96,0]} 10. Bb2 {[%eval 93,0]} O-O {[%eval 97,0]} 11. Ng4 {
[%eval -65,0]} Ne8 {[%eval -89,0]} 12. c4 $6 {[%eval -32,0] Inaccuracy. Nc3
was best.} (12. Nc3 d6) 12... d6 {[%eval -42,0]} 13. d4 {[%eval -13,0]} cxd4 {
[%eval -41,0]} 14. Qxd4 $6 {[%eval -198,0] Inaccuracy. Bxd4 was best.} (14.
Bxd4 e5 15. Bc3 Bh4 16. Rf1 Qf7 17. Be1 h5 18. Ne3 d5 19. Bb4 Bxf2+ 20. Kh1 d4)
14... e5 {[%eval -181,0]} 15. Qd1 {[%eval -137,0]} Bh4 {[%eval -18,0]} 16. Rf1
{[%eval -167,0]} Qb6 $2 {[%eval -85,0] Mistake. Qf7 was best.} (16... Qf7 17.
f3 Bxg4 18. fxg4 Qxf1+ 19. Qxf1 Rxf1+ 20. Kxf1 Nf6 21. Ke2 Rf8 22. Nd2 Nxg4 23.
Rf1) 17. Nc3 $2 {[%eval -127,0] Mistake. g3 was best.} (17. g3 Bg5 18. h4 Be7
19. Nd2 a5 20. Ne3 Nf6 21. Qc2 Qc7 22. Rfe1 a4 23. Ne4 Nxe4) 17... h5 $2 {
[%eval -88,0] Mistake. Qd4 was best.} (17... Qd4 18. Ne3) 18. Ne3 $2 {[%eval
-141,0] Mistake. Na4 was best.} (18. Na4) 18... Bxf2+ {[%eval -138,0]} 19. Rxf2
{[%eval -194,0]} Qxe3 {[%eval -136,0]} 20. Qe2 {[%eval -154,0]} Qxf2+ {[%eval
-145,0]} 21. Qxf2 {[%eval -135,0]} Rxf2 {[%eval -113,0]} 22. Kxf2 {[%eval -169,
0]} c5 {[%eval -129,0]} 23. Rd1 {[%eval -136,0]} Kf7 {[%eval -137,0]} 24. Ba3 {
[%eval -164,0]} Ba6 {[%eval -91,0]} 25. Ne4 {[%eval -193,0]} Ke7 {[%eval -197,
0]} 26. b4 {[%eval -197,0]} Bxc4 $2 {[%eval -84,0] Mistake. Bb7 was best.} (
26... Bb7 27. Ng3 h4 28. Nf5+ Ke6 29. Nxh4 cxb4 30. Bxb4 Rc8 31. Rc1 Ba6 32. c5
Nf6 33. c6) 27. bxc5 {[%eval -92,0]} d5 {[%eval -74,0]} 28. Nd2 {[%eval 82,0]}
Bxa2 {[%eval 39,0]} 29. Ra1 $6 {[%eval -98,0] Inaccuracy. Nf3 was best.} (29.
Nf3 e4) 29... Bc4 {[%eval 76,0]} 30. Nxc4 $6 {[%eval -95,0] Inaccuracy. Re1
was best.} (30. Re1) 30... dxc4 {[%eval -65,0]} 31. Rc1 {[%eval -63,0]} Kd7 {
[%eval -97,0]} 32. Rxc4 {[%eval -62,0]} Kc6 {[%eval -64,0]} 33. g4 {[%eval -98,
0]} Kd5 $6 {[%eval 48,0] Inaccuracy. g6 was best.} (33... g6 34. gxh5) 34. Ra4
$6 {[%eval -99,0] Inaccuracy. Rc1 was best.} (34. Rc1 hxg4 35. c6 Nc7 36. Rc5+
Ke6 37. Bb2 Nd5 38. Kg3 Rc8 39. Kxg4 Rc7 40. Kg5 Kd6) 34... hxg4 {[%eval -92,0]
} 35. Rxg4 {[%eval -95,0]} a5 {[%eval 99,0]} 36. Rg6 {[%eval -67,0]} Kc4 $6 {
[%eval 32,0] Inaccuracy. a4 was best.} (36... a4) 37. Bb2 {[%eval 3,0]} Kxc5 {
[%eval 24,0]} 38. Bxe5 {[%eval 19,0]} a4 {[%eval 19,0]} 39. h4 {[%eval 35,0]}
a3 {[%eval 27,0]} 40. h5 {[%eval 47,0]} a2 {[%eval 31,0]} 41. h6 {[%eval 53,0]}
gxh6 {[%eval 72,0]} 42. Rxh6 {[%eval 6,0]} Nc7 {[%eval 4,0]} 43. Ba1 {[%eval
64,0]} Rb8 {[%eval 75,0]} 44. Rh7 {[%eval 63,0]} Kd6 {[%eval 38,0]} 45. Rh4 {
[%eval 35,0]} Rb1 {[%eval 29,0]} 46. Bh8 {[%eval 35,0]} Rc1 {[%eval 0,0]} 47.
Ra4 {[%eval 6,0]} Rc2+ {[%eval 12,0]} 48. Ke3 {[%eval 13,0]} Rh2 {[%eval 5,0]}
49. Ba1 {[%eval 22,0]} Kc5 {[%eval 21,0]} 50. Kd3 {[%eval 27,0]} Kb5 {[%eval
26,0]} 51. Ra7 {[%eval 25,0]} Nd5 {[%eval 14,0]} 52. Rb7+ {[%eval 28,0]} Ka4 {
[%eval 9,0]} 53. Kc4 {[%eval 1,0]} Ne3+ {[%eval 8,0]} 54. Kd3 {[%eval 1,0]} Nc2
{[%eval 0,0]} 55. Bc3 {[%eval 0,0]} 1/2-1/2

[Event "Kvika Reykjavik Open 2022"]
[Site "Reykjavik, Iceland"]
[Date "2022.04.08"]
[Round "4.6"]
[White "Praggnanandhaa, R.."]
[Black "Laurent-Paoli, Pierre"]
[Result "1-0"]
[WhiteElo "2624"]
[BlackElo "2487"]
[PlyCount "61"]
[EventDate "2022.??.??"]

1. d4 {[%eval 3,0]} Nf6 {[%eval 23,0]} 2. c4 {[%eval 2,0]} e6 {[%eval 23,0]} 3.
Nf3 {[%eval 0,0]} d5 {[%eval 17,0]} 4. Nc3 {[%eval 0,0]} Bb4 {[%eval 15,0]} 5.
Qa4+ {[%eval 18,0]} Nc6 {[%eval 19,0]} 6. e3 {[%eval 16,0]} O-O {[%eval 13,0]}
7. Qc2 {[%eval 5,0]} dxc4 {[%eval 4,0]} 8. Bxc4 {[%eval 5,0]} Bd6 {[%eval 42,0]
} 9. O-O {[%eval 46,0]} e5 {[%eval 61,0]} 10. h3 {[%eval 68,0]} a6 {[%eval 57,
0]} 11. dxe5 {[%eval 36,0]} Nxe5 {[%eval 17,0]} 12. Nxe5 {[%eval 31,0]} Bxe5 {
[%eval 31,0]} 13. Bd2 {[%eval 31,0]} Qe7 {[%eval 51,0]} 14. f4 {[%eval 43,0]}
Bxc3 {[%eval 47,0]} 15. Bxc3 {[%eval 62,0]} Qxe3+ $6 {[%eval 139,0] Inaccuracy.
Bd7 was best.} (15... Bd7 16. Rfe1 Rfe8 17. Be5 Bc6 18. Bd3 h6 19. e4 Bb5 20.
Rad1 Rad8 21. Bxb5 Rxd1 22. Rxd1) 16. Kh2 {[%eval 125,0]} Qb6 {[%eval 125,0]}
17. Rf3 {[%eval 136,0]} Qc6 {[%eval 145,0]} 18. Bd3 {[%eval 132,0]} h6 $6 {
[%eval 192,0] Inaccuracy. Re8 was best.} (18... Re8 19. Rd1 h6 20. Rg3 Nh5 21.
Qf2 Nxg3 22. Qxg3 g6 23. Bb1 b5 24. f5 g5 25. h4) 19. Rd1 $6 {[%eval 129,0]
Inaccuracy. Qf2 was best.} (19. Qf2 Nd5 20. Bd4 f6 21. Qg3 Rf7 22. Qg6 f5 23.
Qxc6 bxc6 24. Re1 a5 25. Re8+ Rf8) 19... Re8 {[%eval 123,0]} 20. Qb1 $2 {
[%eval 0,0] Mistake. a4 was best.} (20. a4 b5) 20... Be6 $4 {[%eval 187,0]
Blunder. b5 was best.} (20... b5 21. Rd2 Bb7 22. Qd1 Qd6 23. Be4 Bxe4 24. Rxd6
Bxf3 25. Qxf3 cxd6 26. Bxf6 gxf6 27. Qg3+) 21. Bxf6 {[%eval 166,0]} gxf6 {
[%eval 102,0]} 22. Be4 {[%eval 108,0]} Qb5 {[%eval 189,0]} 23. Rg3+ {[%eval
142,0]} Kh8 $4 {[%eval 654,0] Blunder. Kf8 was best.} (23... Kf8) 24. f5 {
[%eval 624,0]} Bc4 {[%eval 607,0]} 25. Qc1 {[%eval 653,0]} Kh7 {[%eval 715,0]}
26. Rd4 {[%eval 718,0]} Be2 {[%eval 692,0]} 27. Bd3 {[%eval 785,0]} Qe5 {
[%eval 814,0]} 28. Rh4 {[%eval 867,0]} h5 {[%eval 1265,0]} 29. Bxe2 {[%eval
1212,0]} Qxe2 $6 {[%eval 32760,0] Checkmate is now unavoidable. Qxg3+ was best.
} (29... Qxg3+ 30. Kxg3) 30. Qc4 {[%eval 32762,0]} Qxc4 {[%eval 32766,0]} 31.
Rxh5# 1-0

[Event "Kvika Reykjavik Open 2022"]
[Site "Reykjavik, Iceland"]
[Date "2022.04.08"]
[Round "4.7"]
[White "Warmerdam, Max"]
[Black "Clarke, Brandon G I"]
[Result "1/2-1/2"]
[WhiteElo "2599"]
[BlackElo "2436"]
[PlyCount "36"]
[EventDate "2022.??.??"]

1. Nf3 {[%eval 29,0]} Nf6 {[%eval 29,0]} 2. c4 {[%eval 25,0]} g6 {[%eval 38,0]}
3. Nc3 {[%eval 25,0]} Bg7 {[%eval 68,0]} 4. e4 {[%eval 62,0]} e5 {[%eval 68,0]}
5. Nxe5 {[%eval 71,0]} O-O {[%eval 94,0]} 6. f4 {[%eval 59,0]} d6 {[%eval 74,0]
} 7. Nf3 {[%eval 25,0]} Nxe4 {[%eval 48,0]} 8. Nxe4 {[%eval 57,0]} Re8 {
[%eval 84,0]} 9. d3 {[%eval 71,0]} f5 {[%eval 69,0]} 10. Be2 {[%eval 5,0]} fxe4
{[%eval 69,0]} 11. dxe4 {[%eval 62,0]} c6 {[%eval 95,0]} 12. Bd3 $6 {[%eval 0,
0] Inaccuracy. O-O was best.} (12. O-O Nd7) 12... Qb6 {[%eval 0,0]} 13. Qe2 {
[%eval 15,0]} Na6 {[%eval 28,0]} 14. Rb1 $2 {[%eval 84,0] Mistake. Be3 was
best.} (14. Be3) 14... Nc5 {[%eval 75,0]} 15. Be3 {[%eval 65,0]} Qb4+ {[%eval
71,0]} 16. Bd2 {[%eval 81,0]} Qb6 {[%eval 53,0]} 17. Be3 {[%eval 65,0]} Qb4+ {
[%eval 74,0]} 18. Bd2 {[%eval 71,0]} Qb6 $6 {[%eval 0,0] Inaccuracy. Qa4 was
best.} (18... Qa4) 1/2-1/2